000 00937cam a2200337 4500500
005 20260405002912.0
041 _afre
042 _adc
100 1 0 _aSorente, Isabelle
_eauthor
245 0 0 _aÀ la recherche de l’esprit européen
260 _c2019.
500 _a70
690 _aBarbara Cassin
690 _aConstantin Sigov
690 _aConstruction
690 _aEsprit
690 _aEurope
690 _aFelwine Sarr
690 _aHeinz Wismann
690 _aIdentité
690 _aInventions
690 _aIvan Krastev
690 _aJacques Darriulat
690 _aKarol Beffa
690 _aPascal Bruckner
690 _aRobert Menasse
690 _aRobert Pfaller
690 _aVirginie Maris
786 0 _nPhilosophie magazine | 129 | 5 | 2019-05-01 | p. 18-18 | 1951-1787
856 4 1 _uhttps://shs.cairn.info/magazine-philosophie-magazine-2019-5-page-18?lang=fr&redirect-ssocas=7080
999 _c2062310
_d2062310